[Event "IND-ch U15"]
[Site "Sangli"]
[Date "2023.11.25"]
[Round "1"]
[White "Prasanna, Prashant Hirpurkar"]
[Black "Ghadge, Harsh"]
[Result "0-1"]
[WhiteElo "1041"]
[BlackElo "1611"]
[PlyCount "62"]
[EventDate "2023.11.25"]
[EventType "swiss"]
[EventRounds "8"]
[EventCountry "IND"]
[SourceTitle "EXT 2025"]
[Source "ChessBase"]
[SourceDate "2024.10.14"]
[SourceVersion "1"]
[SourceVersionDate "2024.10.14"]
[SourceQuality "1"]

1. e4 c6 2. d4 d5 3. Nd2 dxe4 4. Nxe4 Nf6 5. Ng3 h5 6. h4 Bg4 7. Be2 e6 8. Nf3 Nbd7 9. Bg5 Qb6 10. b3 Bb4+ 11. Bd2 Bd6 12. c3 Bxg3 13. fxg3 Ne4 14. 0-0 Nxg3 15. Re1 Ne4 16. Rf1 Bxf3 17. Rxf3 Nxd2 18. Qxd2 Qa5 19. b4 Qd5 20. Qf4 Nf6 21. Qg3 Kf8 22. a3 Rd8 23. Raf1 Rg8 24. Qe5 Ke7 25. Qe3 Rgf8 26. Rf5 Qe4 27. Qxe4 Nxe4 28. Re5 Nxc3 29. Bxh5 Rxd4 30. g3 Rd5 31. Rxd5 Nxd5 0-1